00944cam a2200205 a 4500008004100000020001500041040003200056043001200088050002200100100002700122245017200149260006900321300006400390500004400454504004900498600005700547650007100604651004500675700001800720050509s2004 ua abch b 000 0deng d a9774248317 aUaCaAULcUaCaAUL dEG-GICUC af*ua***04aNA6083b.D63 20041 aDobrowolska, Agnieszka10aMuhammad Ali Pasha and his Sabil :ba guide to the permanent exhibition in the Sabil Muhammad Ali Pasha in al-Aqqadin, Cairo /cAgnieszka Dobrowolska and Khaled Fahmy. aCairo ;aNew York :bAmerican University in Cairo Press,cc2004. a64 p. :bill (chiefly col.), facsims., geneal. table, maps, a"Dar el Kutub No. 16140/03"--T.p. verso aIncludes bibliographical references (p. 64).00aMuhammad ?Ali B?sha,cGovernor of Egypt,y1769-1849. 0aArchitecture, IslamicxConservation and restorationzEgyptzCairo. 0aEgyptxHistoryyMohammed Ali, 1805-1849.1 aFahmy, Khaled